| 000 | 00866cam a2200241 4500 | ||
|---|---|---|---|
| 001 | J103772 | ||
| 008 | 000000n1999 000 0 eng u | ||
| 035 | _a(Sirsi) u103772 | ||
| 050 | _a614.7 | ||
| 110 |
_aConstruction Industry Research and Information Association. _94810 |
||
| 245 | _aEnvironmental good practice on site-training pack. | ||
| 260 |
_aLondon _bCIRIA _c1999 |
||
| 300 | _a1v. (Loose-leaf) accompanied by a portfolio containing 1 video cassette, 1 CD-ROM, 2 books and 5 leaflets. | ||
| 650 | _aCONSTRUCTION SITES | ||
| 650 |
_aContamination _96231 |
||
| 650 | _aPOLLUTION | ||
| 650 | _aSITE MANAGEMENT | ||
| 650 | _aWASTE CONTROL | ||
| 690 | _aENVIRONMENTAL AND LAND CONSULTANCY | ||
| 710 |
_aUnited Kingdom _bDepartment of the Environment, Transport and the Regions _93507 |
||
| 710 |
_aTelevision Education Network _93468 |
||
| 942 | _n0 | ||
| 999 |
_c100159 _d100159 |
||